| 000 | 01747nam0a22003611 4500 | ||
|---|---|---|---|
| 001 | RU\NLR\INFOCOMM_41\5000247195 | ||
| 005 | 20250613090305.0 | ||
| 035 | _a(NLR Aleph) 009062093 | ||
| 090 |
_a7869912 _c7869912 |
||
| 100 | _a20081009d1990 |||y0rusy50 ca | ||
| 101 | 0 |
_aeng _drus |
|
| 102 | _aRU | ||
| 105 | _aa z 000zy | ||
| 200 | 1 |
_aConstruction of the wave function of tritium / helium-3 using _ea method based on the extraction of leading singularities _fA. V. Anisovich a. V. V. Anisovich |
|
| 210 |
_aL. _cЛИЯФ _d1990 |
||
| 215 |
_a23 с. _cил. _d20 см |
||
| 300 | _aНа обороте тит. л.: Построение волновой функции трития/гелия-3 методом выделения главных сингулярностей / А. В. Анисович, В. В. Анисович | ||
| 300 | _aНа обл. надзаг. на рус. яз. | ||
| 300 | _aРез. на рус. яз. | ||
| 320 | _aБиблиогр.: с. 18 | ||
| 517 | 1 | _aПостроение волновой функции трития/гелия-3 методом выделения главных сингулярностей | |
| 606 |
_aТритий _xАтомное ядро _xВолновые функции _2nlr_sh1 |
||
| 686 |
_aВ383.11 _2rubbk |
||
| 700 | 1 |
_9z02790 _aAnisovič _bA. V. _gAleksej Vladimirovič _4070 |
|
| 701 | 1 |
_4070 _7ba _8rus _aAnisovič _bV. V. _cд-р физ.-мат. наук, физика частиц _f1932- _gVladimir Vladislavovič _9238628 _3RU\NLR\AUTH\770238684 |
|
| 790 | 1 |
_9z02700 _aAnisovich _bA. V. _4070 |
|
| 790 | 1 |
_9z03701 _aAnisovich _bV. V. _4070 |
|
| 801 | 1 |
_aRU _bNLR _c20081009 |
|
| 801 | 0 |
_aRU _bNLR _gPSBO |
|
| 852 |
_aNLR _jФз01 Д-4/6231 |
||
| 942 | _cBOOK | ||
| 980 | _aNB | ||